[Event "FIDE World Uni Blitz-B 1st"]
[Site "Tornelo INT"]
[Date "2021.03.13"]
[Round "5.47"]
[White "Vanneste, Axel"]
[Black "Noir, Mathys"]
[Result "1-0"]
[WhiteElo "1395"]
[BlackElo "1890"]
[PlyCount "55"]
[EventDate "2021.03.13"]
[EventType "swiss (blitz)"]
[EventRounds "10"]
[EventCountry "NET"]
[SourceTitle "EXT 2022"]
[Source "ChessBase"]
[SourceDate "2021.10.06"]
[SourceVersion "1"]
[SourceVersionDate "2021.10.06"]
[SourceQuality "1"]

1. e4 c5 2. Nf3 d6 3. d4 cxd4 4. Nxd4 Nf6 5. Nc3 a6 6. Bg5 e6 7. f4 Be7 8. Bc4 Qc7 9. Bb3 Nbd7 10. Bxe6 fxe6 11. Nxe6 Qb6 12. Nxg7+ Kf7 13. Nf5 h5 14. Nxe7 Qe3+ 15. Kf1 Ng4 16. Qe2 Nc5 17. Qxe3 Nxe3+ 18. Ke2 Nxc2 19. Rac1 Nd4+ 20. Ke3 Nde6 21. Nxc8 Raxc8 22. Nd5 Nxg5 23. fxg5 Rhe8 24. Rhf1+ Kg6 25. Rf6+ Kxg5 26. h4+ Kg4 27. Rg6+ Kxh4 28. Rh1# 1-0

[Event "Cappelle Online Blitz op"]
[Site "Europe Echecs INT"]
[Date "2021.03.07"]
[Round "4"]
[White "Noir, Mathys"]
[Black "Feryn, Benjamin"]
[Result "1/2-1/2"]
[WhiteElo "1890"]
[BlackElo "2194"]
[PlyCount "70"]
[EventDate "2021.03.07"]
[EventType "swiss (blitz)"]
[EventRounds "11"]
[EventCountry "FRA"]
[SourceTitle "CBM 201 Extra"]
[Source "ChessBase"]
[SourceDate "2021.05.31"]
[SourceVersion "1"]
[SourceVersionDate "2021.05.31"]
[SourceQuality "1"]

1. e4 e5 2. Nf3 Nc6 3. Bc4 Nf6 4. d3 h6 5. c3 d6 6. Bb3 g6 7. h3 Bg7 8. Nbd2 0-0 9. Nf1 d5 10. Qe2 dxe4 11. dxe4 Qe7 12. g4 Nd7 13. Be3 Nc5 14. Bc2 Rd8 15. Ng3 Ne6 16. Rg1 Nf4 17. Bxf4 exf4 18. Nf1 Be6 19. N1d2 Qc5 20. Nb3 Bxc3+ 21. bxc3 Qxc3+ 22. Kf1 Bxb3 23. Bxb3 Qxa1+ 24. Kg2 Qf6 25. e5 Qe7 26. Qe4 Kg7 27. h4 Re8 28. Qxf4 Nxe5 29. Nxe5 Qxe5 30. Qxf7+ Kh8 31. Re1 Qxe1 32. Qf6+ Kh7 33. Qf7+ Kh8 34. Qf6+ Kh7 35. Qf7+ Kh8 1/2-1/2

[Event "Cappelle Online Rapid op"]
[Site "Europe Echecs INT"]
[Date "2021.03.06"]
[Round "6"]
[White "Daurelle, Herve"]
[Black "Noir, Mathys"]
[Result "1-0"]
[WhiteElo "2183"]
[BlackElo "1890"]
[PlyCount "47"]
[EventDate "2021.03.06"]
[EventType "swiss (rapid)"]
[EventRounds "9"]
[EventCountry "FRA"]
[SourceTitle "CBM 201 Extra"]
[Source "ChessBase"]
[SourceDate "2021.05.31"]
[SourceVersion "1"]
[SourceVersionDate "2021.05.31"]
[SourceQuality "1"]

1. e4 c5 2. Nf3 d6 3. d4 cxd4 4. Nxd4 Nf6 5. Nc3 a6 6. Bg5 e5 7. Bxf6 Qxf6 8. Nd5 Qd8 9. Nf5 Bxf5 10. exf5 Be7 11. g3 Nc6 12. Bg2 0-0 13. 0-0 Rc8 14. c3 Re8 15. Qf3 f6 16. Rad1 Kh8 17. g4 Bf8 18. Rfe1 Qa5 19. a3 b5 20. Qh3 Ne7 21. Be4 Nxd5 22. Bxd5 Rc7 23. Re3 Qa4 24. Qxh7+ 1-0

[Event "FRA-ch U20"]
[Site "Europe Echecs INT"]
[Date "2020.07.12"]
[Round "9"]
[White "Denninger, Guilhem"]
[Black "Noir, Mathys"]
[Result "0-1"]
[WhiteElo "2065"]
[BlackElo "1897"]
[PlyCount "126"]
[EventDate "2020.07.12"]
[EventType "swiss (rapid)"]
[EventRounds "9"]
[EventCountry "FRA"]
[SourceTitle "EXT 2021"]
[Source "ChessBase"]
[SourceDate "2020.10.23"]
[SourceVersion "1"]
[SourceVersionDate "2020.10.23"]
[SourceQuality "1"]

1. c4 Nf6 2. Nc3 g6 3. d4 Bg7 4. e4 d6 5. Be2 0-0 6. Nf3 e5 7. dxe5 dxe5 8. 0-0 Qe7 9. Bg5 c6 10. Qc2 Na6 11. a3 h6 12. Bxf6 Bxf6 13. b4 Be6 14. Nd1 Rfd8 15. Ne3 Nc7 16. Rfd1 Rxd1+ 17. Rxd1 a5 18. c5 axb4 19. axb4 Ra2 20. Qd3 Nb5 21. Bf1 Kg7 22. Nc4 Bg4 23. Rd2 Ra1 24. h3 Bxf3 25. Qxf3 Nd4 26. Qc3 Rb1 27. Nd6 Bg5 28. Rb2 Ra1 29. b5 Bc1 30. bxc6 bxc6 31. Rb7 Qxb7 32. Qxa1 Bb2 33. Qa2 Qb3 34. Qa7 Nb5 35. Nxb5 cxb5 36. c6 Qc2 37. Qa2 Qc1 38. g3 Bd4 39. c7 b4 40. Qc4 Qd2 41. Qe2 Qc3 42. Qc4 Qd2 43. Qe2 Qc3 44. Qc4 Qxg3+ 45. Kh1 Qxf2 46. Qxd4 exd4 47. c8Q Qxf1+ 48. Kh2 Qf2+ 49. Kh1 Qf3+ 50. Kg1 Qg3+ 51. Kf1 Qf3+ 52. Kg1 Qe3+ 53. Kf1 Qf4+ 54. Kg1 Qxe4 55. Qc4 Qe3+ 56. Kg2 Qd2+ 57. Kg1 Qd1+ 58. Kg2 b3 59. Qb4 Qe2+ 60. Kg3 Qd3+ 61. Kg2 Qc3 62. Qd6 d3 63. Kf2 Qf6+ 0-1

[Event "FRA-ch U20"]
[Site "Europe Echecs INT"]
[Date "2020.07.12"]
[Round "2"]
[White "Heiler, Lucas"]
[Black "Noir, Mathys"]
[Result "1-0"]
[WhiteElo "1463"]
[BlackElo "1897"]
[PlyCount "63"]
[EventDate "2020.07.12"]
[EventType "swiss (rapid)"]
[EventRounds "9"]
[EventCountry "FRA"]
[SourceTitle "EXT 2021"]
[Source "ChessBase"]
[SourceDate "2020.10.23"]
[SourceVersion "1"]
[SourceVersionDate "2020.10.23"]
[SourceQuality "1"]

1. d4 Nf6 2. c4 g6 3. f3 Bg7 4. Be3 d6 5. Qd2 0-0 6. Bh6 e5 7. Bxg7 Kxg7 8. Nc3 Nc6 9. d5 Ne7 10. e4 Bd7 11. Bd3 a5 12. a4 Be8 13. Nge2 Nd7 14. 0-0 Nc5 15. f4 Nb3 16. Qc2 Nxa1 17. Rxa1 Ng8 18. fxe5 dxe5 19. Nb5 Nf6 20. c5 c6 21. dxc6 Bxc6 22. Nd6 Ng4 23. h3 Nf6 24. Rd1 Qd7 25. Bc4 Qc7 26. Ng3 Rad8 27. Qc3 Bxa4 28. Qxe5 Rd7 29. Rf1 Re7 30. Qxf6+ Kg8 31. Rf5 h6 32. Qxg6+ 1-0

[Event "FRA-ch U20"]
[Site "Europe Echecs INT"]
[Date "2020.07.12"]
[Round "6"]
[White "Noir, Mathys"]
[Black "Raclot, Leo"]
[Result "0-1"]
[WhiteElo "1897"]
[BlackElo "2124"]
[PlyCount "48"]
[EventDate "2020.07.12"]
[EventType "swiss (rapid)"]
[EventRounds "9"]
[EventCountry "FRA"]
[SourceTitle "EXT 2021"]
[Source "ChessBase"]
[SourceDate "2020.10.23"]
[SourceVersion "1"]
[SourceVersionDate "2020.10.23"]
[SourceQuality "1"]

1. e4 e6 2. Nf3 d5 3. e5 b6 4. c3 c5 5. d4 Qd7 6. Be2 Ba6 7. 0-0 Bxe2 8. Qxe2 Nc6 9. Bg5 Nge7 10. Nbd2 Nf5 11. g4 Nfe7 12. Nb3 Ng6 13. h4 h5 14. gxh5 Rxh5 15. Nfd2 Rh8 16. h5 Be7 17. hxg6 Bxg5 18. f4 Be7 19. gxf7+ Kxf7 20. f5 exf5 21. Rxf5+ Qxf5 22. Rf1 g6 23. Qg4 Rag8 24. Qe2 Ke6 0-1